| 000 | 00333nam a2200109 4500 | ||
|---|---|---|---|
| 999 |
_c12216 _d12216 |
||
| 008 | 190118b ||||| |||| 00| 0 eng d | ||
| 245 | _aMalaysia to double airport capacity for 2 billion fliers in Asia. | ||
| 260 |
_aPhilippines _bManila Bulletin _cc2018 |
||
| 300 | _apage B-7. | ||
| 650 | 0 |
_934570 _aTransportations. |
|
| 942 |
_2ddc _cPER |
||